Statistics for Cycling - World Tour Teams 2022

Click here to take the quiz!

General Stats

  • This quiz has been taken 297 times
    (295 since last reset)
  • The average score is 14 of 18

Answer Stats

Country of OriginTeam% Correct
NetherlandsJumbo - Visma
96%
KazachstanAstana Qazaqstan Team
95%
UAEUAE Team Emirates
95%
UKIneos Grenadiers
92%
BahrainBahrain Victorious
91%
SpainMovistar
87%
BelgiumQuick-Step Alpha Vinyl Team
85%
FranceAG2R Citroen Team
84%
FranceGroupama - FDJ
84%
GermanyBora-Hansgrohe
82%
BelgiumLotto Soudal
81%
IsraelIsrael - Premier Tech
68%
FranceCofidis
67%
AustraliaTeam BikeExchange - Jayco
67%
GermanyTeam DSM
66%
USATrek -Segafredo
58%
USAEF Education - Nippo
56%
BelgiumIntermarché - Wanty - Gobert
35%

Score Distribution

Percentile by Number Answered

Percent of People with Each Score

Your Score History

You have not taken this quiz since the last reset